| 000 | 00943nam a2200253 i 4500 | ||
|---|---|---|---|
| 001 | 182539 | ||
| 003 | ES-MaACL | ||
| 005 | 20231027150752.0 | ||
| 008 | 130913s2007 sp |||| | spa d | ||
| 020 | _a978-84-8432-881-0 | ||
| 080 | _a501 | ||
| 100 | 1 |
_aStewart, Ian. _9108183 |
|
| 245 | 1 | 1 |
_a¿Juega Dios a los dados? _b: la nueva matemática del caos / _cIan Stewart ; [traducción castellana de la edición revisada, Javier García Sanz]. |
| 250 | _a1ª ed. en Drakontos Bolsillo. | ||
| 260 |
_aBarcelona : _bCrítica, _c2007. |
||
| 300 |
_a537 p. ; _c19 cm. |
||
| 490 | 1 |
_aDrakontos bolsillo ; _v14 |
|
| 504 | _aBibliografía: p. [511]-521. Índice. | ||
| 650 | 4 |
_aComportamiento caótico en sistemas. _911180 |
|
| 830 | 0 |
_aDrakontos bolsillo ; _v14 _9224853 |
|
| 852 |
_aES-MaACL _jA-12931 _9189452 _bR.149813 _cDEPO1 _dOlim: N-5931 _xDonación: Real Academia Española |
||
| 942 |
_2udc _cMONOGRAFIA |
||
| 999 |
_c182539 _d182539 |
||